<?xml version="1.0" encoding="UTF-8"?>
<record
    xmlns:xsi="http://www.w3.org/2001/XMLSchema-instance"
    xsi:schemaLocation="http://www.loc.gov/MARC21/slim http://www.loc.gov/standards/marcxml/schema/MARC21slim.xsd"
    xmlns="http://www.loc.gov/MARC21/slim">

  <leader>00618    a2200145   4500</leader>
  <datafield tag="020" ind1=" " ind2=" ">
    <subfield code="a">81-7473-029-X</subfield>
  </datafield>
  <datafield tag="082" ind1=" " ind2=" ">
    <subfield code="a">808.0666</subfield>
  </datafield>
  <datafield tag="090" ind1=" " ind2=" ">
    <subfield code="c">1742</subfield>
    <subfield code="d">1742</subfield>
  </datafield>
  <datafield tag="245" ind1="0" ind2="0">
    <subfield code="a">Technical report writing today 5th edition</subfield>
    <subfield code="c">daniel G. Riordan, ; Stephen E. Pauley,</subfield>
  </datafield>
  <datafield tag="260" ind1=" " ind2=" ">
    <subfield code="a">Delhi, India</subfield>
    <subfield code="b">AITBS</subfield>
    <subfield code="c">2004</subfield>
  </datafield>
  <datafield tag="300" ind1=" " ind2=" ">
    <subfield code="a">1 v. (unpaged)</subfield>
  </datafield>
  <datafield tag="942" ind1=" " ind2=" ">
    <subfield code="a">SNS</subfield>
    <subfield code="c">BK</subfield>
    <subfield code="k">808.0666 PAU</subfield>
  </datafield>
  <datafield tag="999" ind1=" " ind2=" ">
    <subfield code="c">30349</subfield>
    <subfield code="d">30349</subfield>
  </datafield>
  <datafield tag="952" ind1=" " ind2=" ">
    <subfield code="0">0</subfield>
    <subfield code="1">0</subfield>
    <subfield code="2">ddc</subfield>
    <subfield code="4">0</subfield>
    <subfield code="7">1</subfield>
    <subfield code="a">SNS</subfield>
    <subfield code="b">SNS</subfield>
    <subfield code="c">REF</subfield>
    <subfield code="d">2016-05-26</subfield>
    <subfield code="l">1</subfield>
    <subfield code="o">808.0666 PAU</subfield>
    <subfield code="p">SNS0002138</subfield>
    <subfield code="r">2018-09-19</subfield>
    <subfield code="s">2018-09-07</subfield>
    <subfield code="w">2016-05-26</subfield>
    <subfield code="y">BK</subfield>
  </datafield>
  <datafield tag="952" ind1=" " ind2=" ">
    <subfield code="0">0</subfield>
    <subfield code="1">0</subfield>
    <subfield code="4">0</subfield>
    <subfield code="7">0</subfield>
    <subfield code="a">SNS</subfield>
    <subfield code="b">SNS</subfield>
    <subfield code="d">2016-05-26</subfield>
    <subfield code="l">2</subfield>
    <subfield code="o">808.0666 PAU</subfield>
    <subfield code="p">SNS0002139</subfield>
    <subfield code="r">2025-06-11</subfield>
    <subfield code="s">2023-09-18</subfield>
    <subfield code="w">2016-05-26</subfield>
    <subfield code="y">BK</subfield>
  </datafield>
</record>
